Cyclisme : Christophe Laporte Victoires WT - Statistiques

Statistiques générales
  • Ce quiz a été pris 45 fois
  • Le résultat moyen est 4 sur 6
Statistiques - réponses
Années Équipe Indice Réponse % Correct
2022 Jumbo-Visma Étape Tour de France
100%
2022 Jumbo-Visma Étape Paris-Nice
89%
2023 Jumbo-Visma Étape Critérium du Dauphiné
68%
2023 Jumbo-Visma Étape Critérium du Dauphiné
68%
2023 Jumbo-Visma Classique Gent-Wevelgem
68%
2023 Jumbo-Visma Classique Dwars door Vlaanderen
45%
Aucun quiz correspondant
Distribution des résultats
% des personnes avec chaque résultat
Percentile par nombre de réponses
Votre historique - résultats
Vous n’avez pas pris ce quiz